| 000 | 00755cam a22002413a 4500 | ||
|---|---|---|---|
| 001 | 30411 | ||
| 003 | PGUSA | ||
| 005 | 20140828083646.0 | ||
| 008 | 091107s2009||||xxu|||||s|||||000 | eng d | ||
| 040 |
_aPGUSA _beng |
||
| 042 | _adc | ||
| 050 | 4 | _aPN | |
| 100 | 1 |
_aFonseca, José da, _d1788-1866 |
|
| 245 | 1 | 0 |
_aEnglish as she is spoke ; _bor, A jest in sober earnest _h[electronic resource] / _cJosé da Fonseca |
| 260 |
_bProject Gutenberg, _c2009 |
||
| 506 | _aPublic domain in the USA. | ||
| 516 | _aElectronic text | ||
| 653 | _aEnglish language -- Conversation and phrase books -- Portuguese | ||
| 653 | _aErrors and blunders, Literary | ||
| 830 | 0 |
_aProject Gutenberg _v30411 |
|
| 856 | 4 | 0 | _uhttp://www.gutenberg.org/ebooks/30411 |
| 942 | _cEB | ||
| 999 |
_c259666 _d259666 |
||